Đường vào nghệ thuật nhiếp ảnh : Ngôn ngữ hình ảnh

Đường Vào Nghệ Thuật Nhiếp Ảnh là một cuốn sách tác giả đã thai nghén khá lâu, tích lũy những kiến thức, kinh nghiệm qua quá trình lăn lộn cùng nghệ thuật nhiếp ảnh, nay được tinh lược lại dựa trên phương thức lý thuyết ứng dụng và t...

全面介绍

Đã lưu trong:
书目详细资料
主要作者: Bùi, Minh Sơn
格式: 图书
语言:Undetermined
出版: Hà Nội Hồng Đức 2018
主题:
标签: 添加标签
没有标签, 成为第一个标记此记录!
Thư viện lưu trữ: Trung tâm Học liệu Trường Đại học Cần Thơ
LEADER 01287nam a2200217Ia 4500
001 CTU_230742
008 210402s9999 xx 000 0 und d
020 |c 155000 
082 |a 771 
082 |b S464/T.1 
100 |a Bùi, Minh Sơn 
245 0 |a Đường vào nghệ thuật nhiếp ảnh : 
245 0 |b Ngôn ngữ hình ảnh 
245 0 |c Bùi Minh Sơn 
260 |a Hà Nội 
260 |b Hồng Đức 
260 |c 2018 
520 |a Đường Vào Nghệ Thuật Nhiếp Ảnh là một cuốn sách tác giả đã thai nghén khá lâu, tích lũy những kiến thức, kinh nghiệm qua quá trình lăn lộn cùng nghệ thuật nhiếp ảnh, nay được tinh lược lại dựa trên phương thức lý thuyết ứng dụng và trực quan thị giác, đó là một ấn phẩm đẹp và dễ hiểu, đóng góp một phần nhỏ cho sự phát triển của phong trào nhiếp ảnh nghệ thuật và sẻ chia cùng những độc giả yêu thích nhiếp ảnh ờ khắp mọi nơi. 
650 |a Nhiếp ảnh,Photography 
910 |b nthai 
980 |a Trung tâm Học liệu Trường Đại học Cần Thơ